[Event "5. ODEM U25 2008"]
[Site "Willingen GER"]
[Date "2008.05.15"]
[Round "7"]
[White "Schätz, Christopher"]
[Black "Durmisi, Valon"]
[Result "1/2-1/2"]
[Termination "normal"]
[Board "27"]
[WhiteElo "2033"]
[BlackElo "1689"]
[PlyCount "84"]
[WhiteFideId "24623997"]
[EventCountry "GER"]
[EventRounds "9"]
[EventType "swiss"]
[EventDate "2008.05.10"]

1. e4 Nf6 2. e5 Nd5 3. c4 Nb6 4. d4 d6 5. exd6 cxd6 6. d5 g6 7. Be3 N8d7 8. Bd4
Nf6 9. Nf3 Bg7 10. Nc3 Bd7 11. Ng5 O-O 12. Nge4 Nxe4 13. Nxe4 Bxd4 14. Qxd4 Rc8
15. h4 f5 16. Ng5 Rf6 17. f4 Qf8 18. Kf2 Re8 19. Re1 h6 20. Bd3 Qg7 21. Nf3 e6
22. dxe6 Rfxe6 23. Qxg7+ Kxg7 24. Rxe6 Bxe6 25. b3 Nd7 26. Nd4 Nc5 27. Bc2 Bd7
28. Re1 Rxe1 29. Kxe1 Kf6 30. Ke2 Ne6 31. Ke3 Nxd4 32. Kxd4 Bc6 33. g3 g5 34.
b4 gxh4 35. gxh4 Ke6 36. a4 a6 37. Bb3 Kf6 38. b5 Be4 39. Bd1 Bg2 40. Be2 Be4
41. Bh5 Ke7 42. Bg6 Bc2 1/2-1/2

[Event "5. ODEM U25 2008"]
[Site "Willingen GER"]
[Date "2008.05.15"]
[Round "7"]
[White "Reichert, Manuel"]
[Black "Maßloch, Philipp"]
[Result "1-0"]
[Termination "normal"]
[Board "28"]
[WhiteElo "1946"]
[BlackElo "1585"]
[PlyCount "63"]
[WhiteFideId "24674028"]
[BlackFideId "24692476"]
[EventCountry "GER"]
[EventRounds "9"]
[EventType "swiss"]
[EventDate "2008.05.10"]

1. d4 Nf6 2. c4 c5 3. Nf3 cxd4 4. Nxd4 g6 5. Nc3 Bg7 6. e4 d6 7. Be2 O-O 8. Be3
Nc6 9. O-O Nxd4 10. Bxd4 b6 11. Be3 Bb7 12. f3 Rc8 13. Rc1 Nd7 14. Qd2 Ba6 15.
b3 Ne5 16. Rc2 Bb7 17. Rfc1 Ba8 18. Nd5 Nd7 19. b4 Nf6 20. a4 Nxd5 21. cxd5
Rxc2 22. Qxc2 a5 23. b5 Bf6 24. Bf1 Qb8 25. g3 e5 26. dxe6 fxe6 27. Bh3 e5 28.
Qc7 Qxc7 29. Rxc7 Rb8 30. Rd7 Rd8 31. Bxb6 Rxd7 32. Bxd7 1-0

[Event "5. ODEM U25 2008"]
[Site "Willingen GER"]
[Date "2008.05.15"]
[Round "7"]
[White "Klebanov, Andrej"]
[Black "Jorczik, Andreas"]
[Result "1/2-1/2"]
[Termination "normal"]
[Board "29"]
[WhiteElo "1850"]
[BlackElo "1820"]
[PlyCount "29"]
[WhiteFideId "24669989"]
[BlackFideId "24634921"]
[EventCountry "GER"]
[EventRounds "9"]
[EventType "swiss"]
[EventDate "2008.05.10"]

1. d4 Nf6 2. c4 e5 3. dxe5 Ng4 4. Bf4 Nc6 5. Nf3 Bb4+ 6. Nbd2 Qe7 7. a3 Ncxe5
8. Nxe5 Nxe5 9. Bxe5 Bxd2+ 10. Qxd2 Qxe5 11. e3 d6 12. Qd4 Bf5 13. Qxe5+ dxe5
14. O-O-O Rd8 15. Rxd8+ 1/2-1/2

[Event "5. ODEM U25 2008"]
[Site "Willingen GER"]
[Date "2008.05.15"]
[Round "7"]
[White "Wagner, Thomas"]
[Black "Ehlers, Michael"]
[Result "1/2-1/2"]
[Termination "normal"]
[Board "30"]
[WhiteElo "1554"]
[BlackElo "1988"]
[PlyCount "59"]
[BlackFideId "4674537"]
[EventCountry "GER"]
[EventRounds "9"]
[EventType "swiss"]
[EventDate "2008.05.10"]

1. e4 c5 2. Nc3 Nc6 3. g3 e6 4. Bg2 Nf6 5. d3 d5 6. f4 dxe4 7. Nxe4 Nxe4 8.
Bxe4 Qc7 9. Ne2 Be7 10. O-O Bd7 11. Be3 f5 12. Bg2 O-O-O 13. Qd2 Nb4 14. c3 Nd5
15. Bf2 Nf6 16. b4 h5 17. Rab1 Bc6 18. Bxc6 Qxc6 19. bxc5 Bxc5 20. Bxc5 Qxc5+
21. Nd4 a6 22. Rfe1 h4 23. Qe3 Rd6 24. Qe5 Rc6 25. Qxc5 Rxc5 26. Nxe6 Rxc3 27.
Rbc1 Rxc1 28. Rxc1+ Kb8 29. Nxg7 hxg3 30. hxg3 1/2-1/2

[Event "5. ODEM U25 2008"]
[Site "Willingen GER"]
[Date "2008.05.15"]
[Round "7"]
[White "Carow, Annelen"]
[Black "Billing, Alexander"]
[Result "1/2-1/2"]
[Termination "normal"]
[Board "31"]
[WhiteElo "1542"]
[BlackElo "1875"]
[PlyCount "60"]
[WhiteFideId "24692492"]
[BlackFideId "24624420"]
[EventCountry "GER"]
[EventRounds "9"]
[EventType "swiss"]
[EventDate "2008.05.10"]

1. d4 e6 2. c4 d5 3. Nc3 Nf6 4. cxd5 exd5 5. Bg5 c6 6. e3 Bd6 7. Bd3 h6 8. Bh4
O-O 9. Nge2 Nbd7 10. Qc2 Qc7 11. Bg3 Bxg3 12. hxg3 Re8 13. Nf4 Qd6 14. O-O-O b5
15. Rhe1 b4 16. Na4 a5 17. f3 Ba6 18. g4 Bxd3 19. Nxd3 Rab8 20. Kb1 Nb6 21.
Nxb6 Rxb6 22. Qc5 Qxc5 23. Nxc5 Re7 24. Rc1 Nd7 25. Nxd7 Rxd7 26. Rc5 Ra6 27.
Kc2 a4 28. Kd3 f6 29. Rec1 Rd6 30. Ke2 Re6 1/2-1/2

[Event "5. ODEM U25 2008"]
[Site "Willingen GER"]
[Date "2008.05.15"]
[Round "7"]
[White "Plank, Michael"]
[Black "Berger, Manuel"]
[Result "1-0"]
[Termination "normal"]
[Board "32"]
[WhiteElo "1741"]
[BlackElo "1541"]
[PlyCount "73"]
[WhiteFideId "4671716"]
[BlackFideId "24692506"]
[EventCountry "GER"]
[EventRounds "9"]
[EventType "swiss"]
[EventDate "2008.05.10"]

1. d4 d6 2. e4 e5 3. Nf3 Nd7 4. Be3 Be7 5. Bc4 Nb6 6. Bb3 Nd7 7. O-O Ngf6 8.
Ng5 O-O 9. Bxf7+ Rxf7 10. Ne6 Qe8 11. Nxc7 Qd8 12. Nxa8 b6 13. dxe5 dxe5 14.
Nxb6 axb6 15. f3 Nh5 16. Qd2 Nf4 17. Nc3 Bc5 18. Bxc5 bxc5 19. Nd5 Qg5 20. Nxf4
exf4 21. a4 h5 22. a5 Ba6 23. Rf2 Qf6 24. c3 c4 25. Rd1 Ne5 26. Qd8+ Qxd8 27.
Rxd8+ Kh7 28. Rd6 Ra7 29. Rd5 Nd3 30. Re2 Nc1 31. Red2 Kh6 32. Rd7 Rxd7 33.
Rxd7 Kh7 34. Rd6 Bb7 35. a6 Ba8 36. Rd8 Bc6 37. Rc8 1-0

[Event "5. ODEM U25 2008"]
[Site "Willingen GER"]
[Date "2008.05.15"]
[Round "7"]
[White "Bergner, Philipp"]
[Black "Zuferi, Enis"]
[Result "1-0"]
[Termination "normal"]
[Board "33"]
[WhiteElo "1749"]
[BlackElo "1462"]
[PlyCount "63"]
[WhiteFideId "24664839"]
[BlackFideId "24692530"]
[EventCountry "GER"]
[EventRounds "9"]
[EventType "swiss"]
[EventDate "2008.05.10"]

1. d4 Nf6 2. c4 g6 3. Nc3 d5 4. Nf3 Bg7 5. Bg5 c6 6. cxd5 Nxd5 7. e4 Nxc3 8.
bxc3 O-O 9. Qd2 Nd7 10. Bh6 Nf6 11. Bxg7 Kxg7 12. Bd3 Re8 13. h4 Bg4 14. Ne5 c5
15. Nxg4 Nxg4 16. Qg5 Nf6 17. Qxc5 Rc8 18. Qb4 a5 19. Qb2 Qc7 20. Rc1 Red8 21.
O-O Ng4 22. g3 Nf6 23. Qd2 Nh5 24. Qe3 e6 25. Be2 Nf6 26. h5 Qc6 27. h6+ Kg8
28. Bd3 b5 29. Qg5 e5 30. Bxb5 Nxe4 31. Qxd8+ Rxd8 32. Bxc6 1-0

[Event "5. ODEM U25 2008"]
[Site "Willingen GER"]
[Date "2008.05.15"]
[Round "7"]
[White "Nitze, Florian"]
[Black "Neitzel, Mirko"]
[Result "1-0"]
[Termination "normal"]
[Board "34"]
[WhiteElo "1530"]
[BlackElo "1720"]
[PlyCount "59"]
[WhiteFideId "24603902"]
[BlackFideId "24657298"]
[EventCountry "GER"]
[EventRounds "9"]
[EventType "swiss"]
[EventDate "2008.05.10"]

1. d4 Nf6 2. c4 g6 3. Nc3 Bg7 4. e4 d6 5. f3 O-O 6. Be3 e5 7. d5 Ne8 8. Bd3 f5
9. exf5 Bxf5 10. Bxf5 Rxf5 11. Qd3 Bh6 12. O-O-O Bxe3+ 13. Qxe3 Nd7 14. g4 Rf7
15. Nge2 Nef6 16. Ng3 a5 17. h4 Qf8 18. Rdf1 Nc5 19. g5 Ne8 20. h5 a4 21. hxg6
hxg6 22. Rh6 Qg7 23. Nce4 Rf4 24. Ne2 Rf5 25. Nxc5 dxc5 26. Ng3 Rf4 27. Qd3 Rf6
28. Rfh1 Rfa6 29. Ne4 a3 30. Nf6+ 1-0

[Event "5. ODEM U25 2008"]
[Site "Willingen GER"]
[Date "2008.05.15"]
[Round "7"]
[White "Müller, Johannes"]
[Black "Voss, Mathieu"]
[Result "1-0"]
[Termination "normal"]
[Board "35"]
[WhiteElo "1719"]
[BlackElo "1452"]
[PlyCount "63"]
[WhiteFideId "24602191"]
[EventCountry "GER"]
[EventRounds "9"]
[EventType "swiss"]
[EventDate "2008.05.10"]

1. e4 e6 2. d4 d5 3. Nc3 Bb4 4. e5 c5 5. Nf3 cxd4 6. Nxd4 Bc5 7. Be3 Qb6 8. Rb1
a6 9. Na4 Qa5+ 10. c3 Bxd4 11. Bxd4 Nd7 12. Qb3 Qc7 13. Nb6 Nxb6 14. Qxb6 Qxb6
15. Bxb6 Ne7 16. Bd3 Nc6 17. f4 Bd7 18. O-O O-O 19. Bc5 Rfc8 20. Bd6 Na7 21. f5
Bb5 22. Bxb5 Nxb5 23. Be7 Rc4 24. Rf2 Rc7 25. Bh4 Rf8 26. Rbf1 Rcc8 27. a4 Na7
28. Be7 Rfe8 29. Bd6 Nc6 30. fxe6 fxe6 31. Rf7 Nd8 32. Rf8+ 1-0

[Event "5. ODEM U25 2008"]
[Site "Willingen GER"]
[Date "2008.05.15"]
[Round "7"]
[White "Schirra, Felix"]
[Black "Koksch, Florian"]
[Result "0-1"]
[Termination "normal"]
[Board "36"]
[WhiteElo "1197"]
[BlackElo "1866"]
[PlyCount "34"]
[WhiteFideId "24692662"]
[BlackFideId "24613584"]
[EventCountry "GER"]
[EventRounds "9"]
[EventType "swiss"]
[EventDate "2008.05.10"]

1. e4 e5 2. Nf3 Nf6 3. Nc3 Nc6 4. d4 exd4 5. Nxd4 Bb4 6. f3 O-O 7. Be3 d5 8.
Bd3 dxe4 9. Bxe4 Nxe4 10. fxe4 Qh4+ 11. g3 Qxe4 12. Kf2 Bxc3 13. bxc3 Ne5 14.
Re1 Bh3 15. Nf3 Ng4+ 16. Kg1 Nxe3 17. Ng5 Qg2# 0-1

[Event "5. ODEM U25 2008"]
[Site "Willingen GER"]
[Date "2008.05.15"]
[Round "7"]
[White "Huynh, Nhi Lang"]
[Black "Lang, Stephan"]
[Result "1-0"]
[Termination "normal"]
[Board "37"]
[WhiteElo "1778"]
[BlackElo "1451"]
[PlyCount "67"]
[WhiteFideId "24669180"]
[BlackFideId "24692557"]
[EventCountry "GER"]
[EventRounds "9"]
[EventType "swiss"]
[EventDate "2008.05.10"]

1. d4 d5 2. c4 Nf6 3. Nc3 e6 4. Nf3 Bb4 5. Bg5 O-O 6. e3 h6 7. Bh4 Nbd7 8. Qc2
c5 9. cxd5 Bxc3+ 10. Qxc3 Nxd5 11. Bxd8 Nxc3 12. Be7 Re8 13. Bxc5 Na4 14. Ba3
Rd8 15. Rc1 Nf6 16. Be2 Bd7 17. Ne5 Rac8 18. O-O a6 19. Nxd7 Nxd7 20. Bf3 b5
21. h3 a5 22. b4 Rc3 23. Rxc3 Nxc3 24. bxa5 Nxa2 25. a6 Nb6 26. Bc5 Na8 27. Rb1
Nc3 28. Rb3 Nd5 29. Rxb5 Nac7 30. Ra5 Ra8 31. a7 Ne8 32. Rb5 Nec7 33. Rb8+ Rxb8
34. axb8=Q+ 1-0

[Event "5. ODEM U25 2008"]
[Site "Willingen GER"]
[Date "2008.05.15"]
[Round "7"]
[White "Zimmerer, David"]
[Black "Schneider, Johannes"]
[Result "0-1"]
[Termination "normal"]
[Board "38"]
[WhiteElo "1808"]
[BlackElo "1645"]
[PlyCount "120"]
[WhiteFideId "4620224"]
[BlackFideId "24687260"]
[EventCountry "GER"]
[EventRounds "9"]
[EventType "swiss"]
[EventDate "2008.05.10"]

1. e4 d5 2. exd5 Qxd5 3. Nc3 Qa5 4. d4 Nf6 5. Bc4 c6 6. Bd2 Qc7 7. Nf3 Bg4 8.
h3 Bh5 9. g4 Bg6 10. Qe2 e6 11. O-O-O Nbd7 12. Ne5 Nxe5 13. dxe5 Nd7 14. f4
O-O-O 15. Be3 Bb4 16. Bd4 c5 17. Nb5 Qa5 18. Nd6+ Kc7 19. Bf2 Nb6 20. Bb3 Na4
21. Qb5 Nb6 22. Qxa5 Bxa5 23. Bxc5 Nc8 24. c3 a6 25. h4 Nxd6 26. Bxd6+ Kc6 27.
Rhe1 h6 28. h5 Bh7 29. Bc2 Bxc2 30. Kxc2 Rd7 31. Ba3 g6 32. Rxd7 Kxd7 33. Bc5
gxh5 34. gxh5 Rg8 35. Rg1 Rc8 36. Bd4 Bb4 37. Rg7 Ke8 38. Rg8+ Bf8 39. Kd3 Ke7
40. b4 Kd7 41. a3 b5 42. Ke4 Be7 43. Rxc8 Kxc8 44. f5 Kc7 45. f6 Bf8 46. Be3
Kc6 47. Kd4 Kb6 48. Kd3+ Kc6 49. c4 Kc7 50. Kc3 Kd7 51. Bc5 Bxc5 52. bxc5 Kc7
53. Kb3 Kb7 54. a4 bxa4+ 55. Kxa4 Kc6 56. Kb4 a5+ 57. Kb3 Kxc5 58. Kc3 a4 59.
Kd3 a3 60. Kc3 a2 0-1

[Event "5. ODEM U25 2008"]
[Site "Willingen GER"]
[Date "2008.05.15"]
[Round "7"]
[White "Laqua, Stefan"]
[Black "Popp, Maximilian"]
[Result "0-1"]
[Termination "normal"]
[Board "39"]
[WhiteElo "1684"]
[BlackElo "1560"]
[PlyCount "34"]
[WhiteFideId "4674634"]
[BlackFideId "24673668"]
[EventCountry "GER"]
[EventRounds "9"]
[EventType "swiss"]
[EventDate "2008.05.10"]

1. e4 e6 2. d4 d5 3. Nc3 Bb4 4. e5 c5 5. a3 Bxc3+ 6. bxc3 Ne7 7. Qg4 O-O 8. h4
f5 9. Qg3 Qa5 10. Ne2 Nbc6 11. Bd2 Qa4 12. Bh6 Rf7 13. Nf4 cxd4 14. Nh5 Ng6 15.
Nxg7 dxc3 16. h5 Qe4+ 17. Be2 Nd4 0-1

[Event "5. ODEM U25 2008"]
[Site "Willingen GER"]
[Date "2008.05.15"]
[Round "7"]
[White "Münch, Marlene"]
[Black "Bauer, Hermann"]
[Result "1/2-1/2"]
[Termination "normal"]
[Board "40"]
[WhiteElo "1674"]
[BlackElo "1549"]
[PlyCount "44"]
[WhiteFideId "24639222"]
[BlackFideId "24601730"]
[EventCountry "GER"]
[EventRounds "9"]
[EventType "swiss"]
[EventDate "2008.05.10"]

1. d4 f5 2. e4 fxe4 3. Nc3 Nf6 4. Bg5 Nc6 5. d5 Ne5 6. Qd4 Nf7 7. Bxf6 exf6 8.
Nxe4 f5 9. Ng3 g6 10. O-O-O Bh6+ 11. Kb1 O-O 12. Nf3 Bg7 13. Qb4 a5 14. Qd2 Qf6
15. c3 Qb6 16. h4 a4 17. a3 c6 18. Bc4 Nd6 19. Bd3 Ra5 20. dxc6 bxc6 21. Rhe1
Rc5 22. Ne2 Nb5 1/2-1/2

[Event "5. ODEM U25 2008"]
[Site "Willingen GER"]
[Date "2008.05.15"]
[Round "7"]
[White "Hauffen, Kai"]
[Black "George, Tom"]
[Result "0-1"]
[Termination "normal"]
[Board "41"]
[WhiteElo "1454"]
[BlackElo "1669"]
[PlyCount "56"]
[BlackFideId "24659487"]
[EventCountry "GER"]
[EventRounds "9"]
[EventType "swiss"]
[EventDate "2008.05.10"]

1. e4 c5 2. Nf3 d6 3. Nc3 Nf6 4. d4 cxd4 5. Nxd4 a6 6. Bg5 e6 7. f4 Qb6 8. Qd2
Be7 9. O-O-O O-O 10. g4 Qc7 11. Bxf6 Bxf6 12. g5 Bxd4 13. Qxd4 Rd8 14. h4 Nc6
15. Qf2 Ne7 16. h5 b5 17. g6 fxg6 18. hxg6 Nxg6 19. Bd3 Qf7 20. Qg2 Nxf4 21.
Qh2 h6 22. Qg3 Kh8 23. Kb1 e5 24. Rdf1 Be6 25. a3 Rab8 26. Ne2 Rf8 27. Rh4 Nxe2
28. Bxe2 Qxf1+ 0-1

[Event "5. ODEM U25 2008"]
[Site "Willingen GER"]
[Date "2008.05.15"]
[Round "7"]
[White "Meiser, Michael"]
[Black "Hentschel, Tobias"]
[Result "1-0"]
[Termination "normal"]
[Board "42"]
[WhiteElo "1490"]
[BlackElo "1812"]
[PlyCount "85"]
[WhiteFideId "24659762"]
[EventCountry "GER"]
[EventRounds "9"]
[EventType "swiss"]
[EventDate "2008.05.10"]

1. e4 c5 2. Nf3 d6 3. Nc3 g6 4. d4 cxd4 5. Nxd4 Bg7 6. Be3 Nc6 7. Qd2 Nf6 8. f3
Bd7 9. O-O-O Rb8 10. h4 Ne5 11. Be2 O-O 12. Bh6 b5 13. g4 Nc4 14. Bxc4 bxc4 15.
h5 Qb6 16. b3 cxb3 17. axb3 Qa5 18. Kb2 Rbc8 19. Bxg7 Kxg7 20. hxg6 fxg6 21.
Nde2 Kg8 22. Ra1 Qc5 23. g5 Nh5 24. Qd5+ e6 25. Qxc5 Rxc5 26. Rxa7 Rf7 27. Rf1
Rxg5 28. Ra6 d5 29. exd5 exd5 30. Ra5 Bc6 31. Nd4 Bb7 32. Ne4 Re5 33. Nd6 Rd7
34. f4 Ree7 35. Nxb7 Rxb7 36. Rxd5 Rf7 37. f5 gxf5 38. Rg1+ Ng7 39. Nxf5 Rbd7
40. Rxd7 Rxd7 41. Rxg7+ Rxg7 42. Nxg7 Kxg7 43. Kc1 1-0

[Event "5. ODEM U25 2008"]
[Site "Willingen GER"]
[Date "2008.05.15"]
[Round "7"]
[White "Melzer, Marcel"]
[Black "Hümmecke, Aaron"]
[Result "1-0"]
[Termination "normal"]
[Board "43"]
[WhiteElo "1745"]
[BlackElo "1466"]
[PlyCount "59"]
[WhiteFideId "24671886"]
[BlackFideId "24692522"]
[EventCountry "GER"]
[EventRounds "9"]
[EventType "swiss"]
[EventDate "2008.05.10"]

1. d4 d5 2. c4 e6 3. Nc3 Nf6 4. Bg5 Nbd7 5. Nf3 c6 6. e3 Be7 7. Bd3 dxc4 8.
Bxc4 b5 9. Bd3 a6 10. O-O Bb7 11. Qc2 c5 12. Ne4 cxd4 13. Bxf6 Bxf6 14. Nd6+
Kf8 15. Nxb7 Qb6 16. Be4 dxe3 17. Rac1 exf2+ 18. Qxf2 Qxf2+ 19. Rxf2 Ne5 20.
Nxe5 Bxe5 21. Nd6 Rb8 22. Nxf7 Bd4 23. Nxh8+ Bxf2+ 24. Kxf2 Ke7 25. Rc7+ Kd6
26. Rxg7 Rxh8 27. Rxh7 Rd8 28. Ke3 Ke5 29. h4 Rd1 30. Rh5+ 1-0

[Event "5. ODEM U25 2008"]
[Site "Willingen GER"]
[Date "2008.05.15"]
[Round "7"]
[White "Kostka, Daniel"]
[Black "Gheng, Hannelore"]
[Result "1/2-1/2"]
[Termination "normal"]
[Board "45"]
[WhiteElo "1572"]
[BlackElo "1439"]
[PlyCount "43"]
[EventCountry "GER"]
[EventRounds "9"]
[EventType "swiss"]
[EventDate "2008.05.10"]

1. e4 c5 2. Nf3 d6 3. d4 cxd4 4. Nxd4 Nf6 5. Nc3 g6 6. Bd3 Bg7 7. Be3 O-O 8.
Qd2 Nc6 9. Nxc6 bxc6 10. h3 c5 11. O-O Bb7 12. f3 Qc7 13. Bc4 Rad8 14. Rfd1 d5
15. exd5 Nxd5 16. Bxd5 e6 17. Qf2 exd5 18. Bxc5 Rfe8 19. Nb5 Qa5 20. Nxa7 d4
21. b4 Qa4 22. Bxd4 1/2-1/2

[Event "5. ODEM U25 2008"]
[Site "Willingen GER"]
[Date "2008.05.15"]
[Round "7"]
[White "Wang, Julia"]
[Black "Wolkow, Michael"]
[Result "0-1"]
[Termination "normal"]
[Board "46"]
[WhiteElo "1432"]
[BlackElo "1566"]
[PlyCount "60"]
[WhiteFideId "24692565"]
[EventCountry "GER"]
[EventRounds "9"]
[EventType "swiss"]
[EventDate "2008.05.10"]

1. e4 e5 2. f4 Bc5 3. Nf3 d6 4. Bc4 Nf6 5. d3 Nc6 6. h3 Qe7 7. Nc3 Na5 8. fxe5
dxe5 9. Bg5 Nxc4 10. Nd5 Nxb2 11. Qd2 Qd6 12. Bxf6 gxf6 13. c3 Na4 14. d4 exd4
15. cxd4 Bb6 16. Nxb6 Qg3+ 17. Qf2 Qxf2+ 18. Kxf2 Nxb6 19. d5 Bd7 20. Rac1
O-O-O 21. d6 c6 22. Rhe1 Be6 23. Nd4 Rxd6 24. Nb3 Bxb3 25. axb3 Rd2+ 26. Kg1
Rhd8 27. e5 fxe5 28. Rf1 f6 29. g4 R8d6 30. h4 R6d4 0-1

[Event "5. ODEM U25 2008"]
[Site "Willingen GER"]
[Date "2008.05.15"]
[Round "7"]
[White "Windjäger, Gerd"]
[Black "Dietz, Daniel"]
[Result "1-0"]
[Termination "normal"]
[Board "47"]
[WhiteElo "1535"]
[BlackElo "1421"]
[PlyCount "57"]
[EventCountry "GER"]
[EventRounds "9"]
[EventType "swiss"]
[EventDate "2008.05.10"]

1. d4 Nf6 2. Nd2 g6 3. e4 d6 4. Ngf3 Bg7 5. Bc4 O-O 6. O-O c6 7. c3 Qc7 8. Re1
e5 9. dxe5 dxe5 10. a4 Nfd7 11. b4 b5 12. Be2 Bb7 13. Qb3 a6 14. Ba3 Kh8 15.
Rad1 f5 16. Ng5 Rf6 17. Nf7+ Kg8 18. Nh6+ Kf8 19. Qg8+ Ke7 20. Qxg7+ Ke6 21.
exf5+ gxf5 22. Bh5 c5 23. Bf7+ Ke7 24. Ng8+ Kd8 25. Nxf6 Nxf6 26. Qf8+ Kd7 27.
Nc4+ Kc6 28. Rd6+ Qxd6 29. Qxd6# 1-0

[Event "5. ODEM U25 2008"]
[Site "Willingen GER"]
[Date "2008.05.15"]
[Round "7"]
[White "Brand, Benedikt"]
[Black "Hansch, Stephan"]
[Result "1/2-1/2"]
[Termination "normal"]
[Board "48"]
[WhiteElo "1314"]
[BlackElo "1515"]
[PlyCount "46"]
[WhiteFideId "24683744"]
[EventCountry "GER"]
[EventRounds "9"]
[EventType "swiss"]
[EventDate "2008.05.10"]

1. e4 c5 2. Nf3 d6 3. d4 cxd4 4. Nxd4 Nf6 5. Nc3 a6 6. f3 e5 7. Nb3 Be6 8. Be3
Be7 9. Qd2 O-O 10. Bd3 d5 11. exd5 Nxd5 12. Nxd5 Bxd5 13. O-O Nc6 14. Rfd1 Be6
15. Qf2 Qc7 16. Bb6 Qc8 17. Be4 f5 18. Bd5 Bxd5 19. Rxd5 Qe6 20. Rd2 e4 21. Nd4
Nxd4 22. Bxd4 Rad8 23. c3 f4 1/2-1/2

[Event "5. ODEM U25 2008"]
[Site "Willingen GER"]
[Date "2008.05.15"]
[Round "7"]
[White "Zhou, Wile"]
[Black "Bangert, Benjamin"]
[Result "1/2-1/2"]
[Termination "normal"]
[Board "49"]
[WhiteElo "1512"]
[BlackElo "1227"]
[PlyCount "48"]
[WhiteFideId "4695674"]
[BlackFideId "24692654"]
[EventCountry "GER"]
[EventRounds "9"]
[EventType "swiss"]
[EventDate "2008.05.10"]

1. e4 e6 2. d4 d5 3. e5 c5 4. c3 Nc6 5. Nf3 Qb6 6. a3 c4 7. Be2 Nge7 8. Qc2 Ng6
9. O-O Be7 10. Kh1 O-O 11. Nbd2 a5 12. Rb1 a4 13. Ng1 Qd8 14. f4 Nh4 15. Ndf3
Nxf3 16. Nxf3 f5 17. Be3 Kf7 18. g4 Ke8 19. gxf5 exf5 20. Ng5 Bxg5 21. fxg5 g6
22. Bf4 Be6 23. Rbd1 b5 24. Bf3 Na5 1/2-1/2

[Event "5. ODEM U25 2008"]
[Site "Willingen GER"]
[Date "2008.05.15"]
[Round "7"]
[White "Kempe, Markus"]
[Black "Pfadenhauer, Tobias"]
[Result "1-0"]
[Termination "normal"]
[Board "50"]
[WhiteElo "1243"]
[BlackElo "1759"]
[PlyCount "49"]
[WhiteFideId "24692638"]
[BlackFideId "24615455"]
[EventCountry "GER"]
[EventRounds "9"]
[EventType "swiss"]
[EventDate "2008.05.10"]

1. e4 e6 2. d4 d5 3. Nc3 Bb4 4. e5 c5 5. g3 Bxc3+ 6. bxc3 Ne7 7. Nf3 Bd7 8. Be2
Nbc6 9. O-O Rc8 10. h4 cxd4 11. cxd4 Na5 12. h5 h6 13. Bd3 Nc4 14. g4 Qa5 15.
g5 Qc3 16. Rb1 hxg5 17. Nxg5 Ba4 18. Rxb7 Nb6 19. Qf3 Rf8 20. Nh7 Rh8 21. Ng5
Rf8 22. Nh7 Bxc2 23. Bb5+ Kd8 24. Qxc3 Rxc3 25. Nxf8 1-0

[Event "5. ODEM U25 2008"]
[Site "Willingen GER"]
[Date "2008.05.15"]
[Round "7"]
[White "Alt, Elisabeth"]
[Black "Gerntke, Oliver"]
[Result "0-1"]
[Termination "normal"]
[Board "51"]
[WhiteElo "1275"]
[BlackElo "1796"]
[PlyCount "66"]
[WhiteFideId "24692620"]
[BlackFideId "24647977"]
[EventCountry "GER"]
[EventRounds "9"]
[EventType "swiss"]
[EventDate "2008.05.10"]

1. e4 c5 2. d4 cxd4 3. c3 dxc3 4. Nxc3 Nc6 5. Nf3 a6 6. a3 b5 7. Bd3 g6 8. Be3
Bg7 9. O-O Bb7 10. Qd2 e6 11. Rac1 Nge7 12. Rfd1 Ne5 13. Nxe5 Bxe5 14. h4 d5
15. exd5 Nxd5 16. Nxd5 Bxd5 17. g3 O-O 18. Bh6 Bg7 19. Kf1 Bf3 20. Bxg7 Kxg7
21. Qc3+ Qf6 22. Qxf6+ Kxf6 23. Re1 Rac8 24. b4 Rfd8 25. Rxc8 Rxc8 26. Be4 Bxe4
27. Rxe4 Rc3 28. Rf4+ Ke7 29. a4 bxa4 30. Rd4 a3 31. Rd1 Rc2 32. Ra1 a2 33. Rd1
Rb2 0-1

[Event "5. ODEM U25 2008"]
[Site "Willingen GER"]
[Date "2008.05.15"]
[Round "7"]
[White "Nobis, Philipp"]
[Black "Glatting, Lisa"]
[Result "1-0"]
[Termination "normal"]
[Board "52"]
[WhiteElo "1260"]
[BlackElo "1762"]
[PlyCount "60"]
[WhiteFideId "24602183"]
[BlackFideId "24667617"]
[EventCountry "GER"]
[EventRounds "9"]
[EventType "swiss"]
[EventDate "2008.05.10"]

1. e4 e5 2. Nf3 Nc6 3. Bc4 Bc5 4. c3 Nf6 5. d3 h6 6. h3 O-O 7. Nbd2 d6 8. Bb3
Qe7 9. O-O Bd7 10. Re1 Rfe8 11. Nf1 Bb6 12. Ng3 Nh7 13. d4 exd4 14. cxd4 Rad8
15. Bc2 Qf6 16. Be3 Nf8 17. a3 Ng6 18. Qd2 Na5 19. Nh5 Qe7 20. Bxh6 Nc4 21. Qg5
Qxg5 22. Bxg5 f6 23. Bxf6 gxf6 24. Nxf6+ Kf7 25. Nxe8 Rxe8 26. b3 Na5 27. d5
Ne5 28. Nxe5+ Rxe5 29. Re2 Re8 30. Rb1 c5 1-0

[Event "5. ODEM U25 2008"]
[Site "Willingen GER"]
[Date "2008.05.15"]
[Round "7"]
[White "Wenke, Andrea"]
[Black "Wachinger, David"]
[Result "1/2-1/2"]
[Termination "normal"]
[Board "53"]
[WhiteElo "1440"]
[BlackElo "1179"]
[PlyCount "31"]
[WhiteFideId "24677736"]
[BlackFideId "24692689"]
[EventCountry "GER"]
[EventRounds "9"]
[EventType "swiss"]
[EventDate "2008.05.10"]

1. e4 e6 2. d4 d5 3. exd5 exd5 4. Nf3 c6 5. Bf4 Bd6 6. Bxd6 Qxd6 7. c3 Bg4 8.
Qd3 Qe6+ 9. Be2 Nf6 10. O-O O-O 11. Re1 Bf5 12. Ng5 Qd7 13. Qg3 Re8 14. Nd2 h6
15. Ngf3 Qe7 16. Qe5 1/2-1/2

[Event "5. ODEM U25 2008"]
[Site "Willingen GER"]
[Date "2008.05.15"]
[Round "7"]
[White "Kuckling, Jonas"]
[Black "Weber, Yannik"]
[Result "1/2-1/2"]
[Termination "normal"]
[Board "54"]
[WhiteElo "1420"]
[BlackElo "1057"]
[PlyCount "50"]
[WhiteFideId "24603856"]
[BlackFideId "24692700"]
[EventCountry "GER"]
[EventRounds "9"]
[EventType "swiss"]
[EventDate "2008.05.10"]

1. d4 d5 2. c4 e6 3. Nc3 Bb4 4. Nf3 c5 5. Bg5 Nf6 6. Rc1 Nc6 7. e3 b6 8. cxd5
exd5 9. Bd3 O-O 10. O-O Bg4 11. Bb1 cxd4 12. exd4 Qd6 13. Qd3 g6 14. Nb5 Qd7
15. Bxf6 Bf5 16. Qe3 Qe6 17. Qg5 Be4 18. Nc7 Qd6 19. Nxa8 Rxa8 20. a3 Bxf3 21.
gxf3 Bd2 22. Qxd2 Qxf6 23. Rfd1 Re8 24. Ba2 Qxf3 25. Rxc6 Qg4+ 1/2-1/2